| 000 | 00957nam a22002655a 4500 | ||
|---|---|---|---|
| 003 | EG-ScBUE | ||
| 005 | 20221213103455.0 | ||
| 008 | 190507s2011 gw f b 000 0 eng d | ||
| 020 | _a9783844326512 | ||
| 040 |
_aEG-ScBUE _beng _erda _cEG-ScBUE _dEG-ScBUE |
||
| 043 | _af-ua--- | ||
| 082 | 0 | 4 |
_a726.5096216 _bRAM _222 |
| 100 | 1 |
_aRamzy, Nelly, _eauthor. |
|
| 245 | 1 | 0 |
_aCoptic architecture : _bChristian religious spaces in Egypt between past and present / _cNelly Ramzy. |
| 246 | 3 | 0 | _aChristian religious spaces in Egypt between past and present |
| 264 | 1 |
_aSaarbrucken, Germany : _bLAP Lambert Academic Publishing, _c2011. |
|
| 300 |
_a178 pages : _billustrations ; _c22 cm |
||
| 504 | _aIncludes bibliographical references. | ||
| 650 | 7 |
_aCoptic church buildings _zEgypt _xHistory. _2BUEsh |
|
| 650 | 7 |
_aReligious architecture _zEgypt _xHistory. _2BUEsh |
|
| 651 | _2BUEsh | ||
| 653 |
_bENGARC _cMay2019 |
||
| 655 | _vReading book | ||
| 942 |
_2ddc _cBB |
||
| 999 |
_c27439 _d27410 |
||